| 000 | 00675 a2200265 4500 | ||
|---|---|---|---|
| 001 | 76600 | ||
| 650 |
_920568 _aOlasılık |
||
| 999 |
_c76600 _d24511 |
||
| 003 | TR-AnTOB | ||
| 005 | 20200814000836.0 | ||
| 008 | 090925s2005 tu tur | ||
| 020 | _a9755070419 | ||
| 041 | _atur | ||
| 050 |
_aQA273 _b.E77 2005 |
||
| 090 | _aQA273 .E77 2005 | ||
| 100 |
_aErsoy, Nuri _913142 |
||
| 245 | 0 |
_aOlasılık ve istatistiğe giriş / _cNuri Ersoy ; Semra Oral Erbaş. |
|
| 250 | _a5. bs. | ||
| 264 | 1 |
_aAnkara : _bGazi Kitabevi, _c2005. |
|
| 300 |
_a402 p. : _btables , ill. ; _c24 cm. |
||
| 650 | 0 |
_aProbabilities _9818 |
|
| 902 | _a0031690 | ||
| 903 | _aMerkez Kutuphane | ||
| 945 | _aSC, BS | ||
| 942 | _cBK | ||